header

Going bohemian (Record no. 8989)

MARC details
000 -LEADER
fixed length control field 01395nam a2200337Ia 4500
001 - CONTROL NUMBER
control field ebr10694691
003 - CONTROL NUMBER IDENTIFIER
control field CaPaEBR
006 - FIXED-LENGTH DATA ELEMENTS--ADDITIONAL MATERIAL CHARACTERISTICS--GENERAL INFORMATION
fixed length control field m u
007 - PHYSICAL DESCRIPTION FIXED FIELD--GENERAL INFORMATION
fixed length control field cr cn|||||||||
008 - FIXED-LENGTH DATA ELEMENTS--GENERAL INFORMATION
fixed length control field 100401s2010 deua sb 000 0 eng d
010 ## - LIBRARY OF CONGRESS CONTROL NUMBER
Canceled/invalid LC control number 2010013955
020 ## - INTERNATIONAL STANDARD BOOK NUMBER
Cancelled/invalid ISBN 0872078302 (alk. paper)
Cancelled/invalid ISBN 9780872070608
Cancelled/invalid ISBN 9780872078307 (alk. paper)
040 ## - CATALOGING SOURCE
Original cataloging agency CaPaEBR
Transcribing agency CaPaEBR
035 ## - SYSTEM CONTROL NUMBER
System control number (OCoLC)826659911
050 14 - LIBRARY OF CONGRESS CALL NUMBER
Classification number LB1631
Item number .G615 2010eb
082 04 - DEWEY DECIMAL CLASSIFICATION NUMBER
Classification number 808/.0420712
Edition number 22
245 00 - TITLE STATEMENT
Title Going bohemian
Medium [electronic resource] :
Remainder of title how to teach writing like you mean it /
Statement of responsibility, etc Lawrence Baines & Anthony Kunkel.
250 ## - EDITION STATEMENT
Edition statement 2nd ed.
260 ## - PUBLICATION, DISTRIBUTION, ETC. (IMPRINT)
Place of publication, distribution, etc Newark, DE :
Name of publisher, distributor, etc International Reading Association,
Date of publication, distribution, etc c2010.
300 ## - PHYSICAL DESCRIPTION
Extent vii, 214 p. :
Other physical details ill.
504 ## - BIBLIOGRAPHY, ETC. NOTE
Bibliography, etc Includes bibliographical references.
533 ## - REPRODUCTION NOTE
Type of reproduction Electronic reproduction.
Place of reproduction Palo Alto, Calif. :
Agency responsible for reproduction ebrary,
Date of reproduction 2013.
Note about reproduction Available via World Wide Web.
-- Access may be limited to ebrary affiliated libraries.
650 #0 - SUBJECT ADDED ENTRY--TOPICAL TERM
Topical term or geographic name as entry element Creative writing (Secondary education)
Geographic subdivision United States.
Topical term or geographic name as entry element English language
General subdivision Composition and exercises
-- Study and teaching (Secondary)
Geographic subdivision United States.
655 #7 - INDEX TERM--GENRE/FORM
Genre/form data or focus term Electronic books.
Source of term local
700 1# - ADDED ENTRY--PERSONAL NAME
Personal name Baines, Lawrence.
Personal name Kunkel, Anthony J.
856 40 - ELECTRONIC LOCATION AND ACCESS
Uniform Resource Identifier <a href="http://site.ebrary.com/lib/rucke/Doc?id=10694691">http://site.ebrary.com/lib/rucke/Doc?id=10694691</a>
Public note An electronic book accessible through the World Wide Web; click to view

No items available.

© 2026 Rongo University
Contact us: librarian | system librarian | Rongo university